00820nam a2200229Ia 4500001000700000003000500007008004100012010001100053020002200064040000900086082002100095245015300116250001200269260003700281300001100318500009700329503003400426650004100460650003000501700002700531700003200558Z_6474CHAP220113s9999 xx 000 0 und d a169740 a978-607-9259-21-1 cCHAP a636.089 P76 2013 aProntuario de especialidades veterinarias : farmaceúticas, biológicas y nutricionales /ccoordinadores Alfonso Monroy P. y Magdalena Herrera M. a33a ed. aMéxico :bPLM México,c  a944 p. aLa obra está dividida en 2 secciones: Productos Farmacéuticos y Productos Nutricionales, aej.1: consumo \ ej.2: consumo aVeterinaria xx Fórmulas, recetas aVeterinaria xx Manuales a Herrera M., Magdalena aMonroy P., Alfonso, coord.